<?xml version="1.0" encoding="UTF-8"?>
<record
    xmlns:xsi="http://www.w3.org/2001/XMLSchema-instance"
    xsi:schemaLocation="http://www.loc.gov/MARC21/slim http://www.loc.gov/standards/marcxml/schema/MARC21slim.xsd"
    xmlns="http://www.loc.gov/MARC21/slim">

  <leader>04029nam a2200409uu 4500</leader>
  <controlfield tag="001">1102236</controlfield>
  <controlfield tag="005">20260507084058.0</controlfield>
  <controlfield tag="008">080910s2007                        spa  </controlfield>
  <datafield tag="020" ind1=" " ind2=" ">
    <subfield code="a">9788472456440</subfield>
  </datafield>
  <datafield tag="035" ind1=" " ind2=" ">
    <subfield code="a">1102236</subfield>
  </datafield>
  <datafield tag="035" ind1=" " ind2=" ">
    <subfield code="a">(OCoLC)777271857</subfield>
  </datafield>
  <datafield tag="040" ind1=" " ind2=" ">
    <subfield code="c">comduadb</subfield>
  </datafield>
  <datafield tag="041" ind1=" " ind2=" ">
    <subfield code="a">spa</subfield>
  </datafield>
  <datafield tag="082" ind1=" " ind2="4">
    <subfield code="a">144</subfield>
  </datafield>
  <datafield tag="100" ind1="1" ind2="0">
    <subfield code="a">Dennett, Daniel C.</subfield>
    <subfield code="q">(Daniel Clement),</subfield>
    <subfield code="d">1942-</subfield>
    <subfield code="4">aut</subfield>
    <subfield code="0">(isni)0000 0001 1938 1526</subfield>
    <subfield code="0">(viaf)99825560</subfield>
    <subfield code="e">aut</subfield>
  </datafield>
  <datafield tag="245" ind1="1" ind2="3">
    <subfield code="a">El nuevo humanismo y las fronteras de la ciencia</subfield>
  </datafield>
  <datafield tag="250" ind1=" " ind2=" ">
    <subfield code="a">1. edici&#xF3;n</subfield>
  </datafield>
  <datafield tag="260" ind1=" " ind2=" ">
    <subfield code="a">Barcelona :</subfield>
    <subfield code="b">Kair&#xF3;s,</subfield>
    <subfield code="c">2007.</subfield>
  </datafield>
  <datafield tag="300" ind1=" " ind2=" ">
    <subfield code="a">486 p&#xE1;ginas</subfield>
  </datafield>
  <datafield tag="505" ind1=" " ind2=" ">
    <subfield code="a">CONTENIDO : Introducci&#xF3;n. -- Pr&#xF3;logo. -- PARTE I: Homo Sapiens. -- Jared Diamond: Nueva s&#xED;ntesis cient&#xED;fica de la historia de la humanidad. -- Steven Pinker: Interpretaci&#xF3;n biol&#xF3;gica de la naturaleza humana. -- Helena Cronin: La verdad sobre la naturaleza humana. -- Andy Clark: &#xBF;Somos ciborgs natos? Marc D. Hauser: Mentes animales. -- Richard Wrangham: La evoluci&#xF3;n de la cocina. -- Daniel C. Dennett: La perspectiva computacional. -- Stephen M. Kosslyn: &#xBF;Qu&#xE9; forma tienen las orejas de un pastor alem&#xE1;n? PARTE II: &#xBF;Machina sapiens? Jordan B. Pollack: El software es un solvente cultural. -- David Gelernter: La segunda venida: un manifiesto. -- Rodney Brooks: Crear sistemas vivos. -- Hans Moravec: Crear mentes. -- David Deutsch: Computaci&#xF3;n cu&#xE1;ntica. -- Marvin Minsky: &#xBF;Qu&#xE9; vendr&#xE1; despu&#xE9;s de las mentes? Ray Kurzweil: La singularidad. -- Jaron Lanier: La mitad de un manifiesto. -- PARTE III: Universos en evoluci&#xF3;n. -- Seth Lloyd: &#xBF;C&#xF3;mo de r&#xE1;pido, de peque&#xF1;o, de potente? La ley de Moore y el port&#xE1;til definitivo. -- Alan Guth: La edad de oro de la cosmolog&#xED;a. -- Paul Steinhardt: El universo c&#xED;clico. -- Lisa Randall: Teor&#xED;as de la brana. -- Lee Smolin: Gravedad cu&#xE1;ntica de bucles. -- Martin Rees: Una mirada hacia delante. -- Ep&#xED;logo: Respuesta a El nuevo humanismo. -- Lecturas recomendadas. .</subfield>
  </datafield>
  <datafield tag="520" ind1="3" ind2=" ">
    <subfield code="a">"John brockman plantea que los saberes de los intelectuales m&#xE1;s vanguardistas del momento (los cient&#xED;ficos) han dado nacimiento a una "tercera cultura"; una s&#xED;ntesis multidisciplinar donde la palabra "humanismo" recupera el sentido de intelectualidad global y conciencia hol&#xED;stica que tuvo en el pasado. Son estos "nuevos humanistas" quienes, al combinar ciencias y letras, conforman en la actualidad la vanguardia del pensamiento moderno. Brockman ha reunido en este volumen algunos de los escritos de los cient&#xED;ficos m&#xE1;s punteros de la actualidad: el ge&#xF3;grafo Jared Diamond, el psic&#xF3;logo y ling&#xFC;ista Steven Pinker, el f&#xED;sico David Deutsch, el fil&#xF3;sofo Daniel C. Dennett, el astr&#xF3;nomo Martin Rees, el f&#xED;sico te&#xF3;rico lee Smolin, etc&#xE9;tera. Algunos de ellos comparten puntos de vista, otros disienten...pero lo que emerge en El nuevo humanismo: y las fronteras de la ciencia es un di&#xE1;logo que sirve tanto de introducci&#xF3;n a algunas de las mentes cient&#xED;ficas m&#xE1;s l&#xFA;cidas del siglo XXI como de punto de partida para crear una sinergia entre ciencia y humanidades, dos esferas que, hasta el presente, parec&#xED;an virtualmente incompatibles."</subfield>
  </datafield>
  <datafield tag="650" ind1=" " ind2=" ">
    <subfield code="a">Humanismo - Siglo XXI</subfield>
    <subfield code="9">144523</subfield>
  </datafield>
  <datafield tag="650" ind1=" " ind2="7">
    <subfield code="a">Antropolog&#xED;a filos&#xF3;fica</subfield>
    <subfield code="2">lemb</subfield>
    <subfield code="9">43535</subfield>
  </datafield>
  <datafield tag="650" ind1=" " ind2=" ">
    <subfield code="a">Civilizaci&#xF3;n - Siglo XXI</subfield>
    <subfield code="9">163596</subfield>
  </datafield>
  <datafield tag="650" ind1=" " ind2="7">
    <subfield code="a">Revoluci&#xF3;n cient&#xED;fica</subfield>
    <subfield code="2">cobobn</subfield>
    <subfield code="9">41520</subfield>
  </datafield>
  <datafield tag="700" ind1="1" ind2="0">
    <subfield code="a">Deutsch, David</subfield>
    <subfield code="4">aut</subfield>
    <subfield code="e">aut</subfield>
    <subfield code="9">296049</subfield>
  </datafield>
  <datafield tag="700" ind1="1" ind2="0">
    <subfield code="a">Diamond, Jared M.,</subfield>
    <subfield code="d">1937-</subfield>
    <subfield code="4">aut</subfield>
    <subfield code="0">(isni)0000 0001 1030 9413</subfield>
    <subfield code="0">(viaf)90709225</subfield>
    <subfield code="e">aut</subfield>
    <subfield code="9">502250</subfield>
  </datafield>
  <datafield tag="700" ind1="1" ind2="0">
    <subfield code="a">Guth, Alan</subfield>
    <subfield code="4">aut</subfield>
    <subfield code="e">aut</subfield>
    <subfield code="9">557246</subfield>
  </datafield>
  <datafield tag="700" ind1="1" ind2="0">
    <subfield code="a">Minsky, Marvin Lee,</subfield>
    <subfield code="d"> 1927-</subfield>
    <subfield code="4">aut</subfield>
    <subfield code="e">aut</subfield>
    <subfield code="9">242008</subfield>
  </datafield>
  <datafield tag="700" ind1="1" ind2="0">
    <subfield code="a">Pinker, Steven,</subfield>
    <subfield code="d">1954-</subfield>
    <subfield code="4">aut</subfield>
    <subfield code="0">(isni)0000000121468153</subfield>
    <subfield code="0">(viaf)108149508</subfield>
    <subfield code="e">aut</subfield>
    <subfield code="9">300510</subfield>
  </datafield>
  <datafield tag="700" ind1="1" ind2="0">
    <subfield code="a">Randall, Lisa</subfield>
    <subfield code="4">aut</subfield>
    <subfield code="0">(isni)0000000078145999</subfield>
    <subfield code="0">(viaf)28228649</subfield>
    <subfield code="e">aut</subfield>
    <subfield code="9">463556</subfield>
  </datafield>
  <datafield tag="700" ind1="1" ind2="0">
    <subfield code="a">Rees, Martin</subfield>
    <subfield code="4">aut</subfield>
    <subfield code="e">aut</subfield>
    <subfield code="9">305629</subfield>
  </datafield>
  <datafield tag="700" ind1="1" ind2="0">
    <subfield code="a">Smolin, Lee</subfield>
    <subfield code="4">aut</subfield>
    <subfield code="e">aut</subfield>
    <subfield code="9">392691</subfield>
  </datafield>
  <datafield tag="700" ind1="1" ind2="0">
    <subfield code="a">Paniker, Salvador</subfield>
    <subfield code="4">aui</subfield>
    <subfield code="0">(isni)ISNI - 0000 0001 086</subfield>
    <subfield code="0">(viaf)9867088</subfield>
    <subfield code="e">aui</subfield>
    <subfield code="9">464486</subfield>
  </datafield>
  <datafield tag="700" ind1="1" ind2="0">
    <subfield code="a">G&#xF3;mez G&#xF3;mez, Elsa</subfield>
    <subfield code="4">trl</subfield>
    <subfield code="e">trl</subfield>
    <subfield code="9">513786</subfield>
  </datafield>
  <datafield tag="942" ind1=" " ind2=" ">
    <subfield code="c">BOOK</subfield>
  </datafield>
  <datafield tag="999" ind1=" " ind2=" ">
    <subfield code="c">472632</subfield>
    <subfield code="d">472632</subfield>
  </datafield>
  <datafield tag="952" ind1=" " ind2=" ">
    <subfield code="0">0</subfield>
    <subfield code="1">0</subfield>
    <subfield code="2">ddc</subfield>
    <subfield code="4">0</subfield>
    <subfield code="7">0</subfield>
    <subfield code="8">GENERAL</subfield>
    <subfield code="a">CARME</subfield>
    <subfield code="b">CARME</subfield>
    <subfield code="d">2011-10-14</subfield>
    <subfield code="e">CIS (Corporacion Interuniversitaria de Servicios)</subfield>
    <subfield code="f">COMP</subfield>
    <subfield code="g">85000.00</subfield>
    <subfield code="i">C1128473</subfield>
    <subfield code="l">0</subfield>
    <subfield code="o">144 N964</subfield>
    <subfield code="p">798756</subfield>
    <subfield code="r">2024-11-06 00:00:00</subfield>
    <subfield code="t">1</subfield>
    <subfield code="w">2023-04-28</subfield>
    <subfield code="y">BOOK</subfield>
  </datafield>
  <datafield tag="952" ind1=" " ind2=" ">
    <subfield code="0">0</subfield>
    <subfield code="1">0</subfield>
    <subfield code="4">0</subfield>
    <subfield code="7">0</subfield>
    <subfield code="8">GEN</subfield>
    <subfield code="a">BC</subfield>
    <subfield code="b">BC</subfield>
    <subfield code="d">2008-09-10</subfield>
    <subfield code="e">Simsalabim</subfield>
    <subfield code="g">95900.00</subfield>
    <subfield code="i">C1016646</subfield>
    <subfield code="l">2</subfield>
    <subfield code="m">1</subfield>
    <subfield code="o">144 N964</subfield>
    <subfield code="p">0680574</subfield>
    <subfield code="r">2024-07-17 00:00:00</subfield>
    <subfield code="s">2024-06-27</subfield>
    <subfield code="t">1</subfield>
    <subfield code="w">2023-04-28</subfield>
    <subfield code="y">BOOK</subfield>
  </datafield>
</record>
